<?xml version="1.0" encoding="UTF-8"?>
<record
    xmlns:xsi="http://www.w3.org/2001/XMLSchema-instance"
    xsi:schemaLocation="http://www.loc.gov/MARC21/slim http://www.loc.gov/standards/marcxml/schema/MARC21slim.xsd"
    xmlns="http://www.loc.gov/MARC21/slim">

  <leader>00652nam a22002057a 4500</leader>
  <controlfield tag="005">20090221154012.0</controlfield>
  <controlfield tag="008">090221t        xxu||||| |||| 00| f eng d</controlfield>
  <datafield tag="020" ind1=" " ind2=" ">
    <subfield code="a">9780330449601</subfield>
    <subfield code="c">&#xA3;7.99</subfield>
  </datafield>
  <datafield tag="037" ind1=" " ind2=" ">
    <subfield code="b">Aakar Books</subfield>
  </datafield>
  <datafield tag="040" ind1=" " ind2=" ">
    <subfield code="a">dpl</subfield>
    <subfield code="b">English</subfield>
  </datafield>
  <datafield tag="082" ind1=" " ind2=" ">
    <subfield code="a">N</subfield>
  </datafield>
  <datafield tag="100" ind1=" " ind2=" ">
    <subfield code="a">Morton, Kate</subfield>
  </datafield>
  <datafield tag="245" ind1=" " ind2=" ">
    <subfield code="a">The forgotten garden /</subfield>
    <subfield code="c">by Kate Morton</subfield>
  </datafield>
  <datafield tag="260" ind1=" " ind2=" ">
    <subfield code="a">London</subfield>
    <subfield code="b">Pan Macmillan</subfield>
    <subfield code="c">2008</subfield>
  </datafield>
  <datafield tag="270" ind1=" " ind2=" ">
    <subfield code="a">20,New Wharf Road</subfield>
    <subfield code="b">London</subfield>
    <subfield code="e">N1 9RR</subfield>
  </datafield>
  <datafield tag="300" ind1=" " ind2=" ">
    <subfield code="a">529p.</subfield>
    <subfield code="c">21cm.(pbk)</subfield>
  </datafield>
  <datafield tag="942" ind1=" " ind2=" ">
    <subfield code="2">ddc</subfield>
    <subfield code="c">EN</subfield>
    <subfield code="h">N</subfield>
    <subfield code="m">MOR</subfield>
  </datafield>
  <datafield tag="999" ind1=" " ind2=" ">
    <subfield code="c">24168</subfield>
    <subfield code="d">24168</subfield>
  </datafield>
  <datafield tag="952" ind1=" " ind2=" ">
    <subfield code="0">0</subfield>
    <subfield code="1">0</subfield>
    <subfield code="2">ddc</subfield>
    <subfield code="4">0</subfield>
    <subfield code="7">-1</subfield>
    <subfield code="8">FIC</subfield>
    <subfield code="a">AG</subfield>
    <subfield code="b">AG</subfield>
    <subfield code="d">2009-02-21</subfield>
    <subfield code="g">0.00</subfield>
    <subfield code="l">0</subfield>
    <subfield code="o">N MOR</subfield>
    <subfield code="r">2009-02-21 00:00:00</subfield>
    <subfield code="v">0.00</subfield>
    <subfield code="w">2009-02-21</subfield>
    <subfield code="y">EN</subfield>
  </datafield>
</record>
